Anadolu'nun hazineleri : (Record no. 15574)

MARC details
000 -BAŞLIK
Sabit Uzunlukta Kontrol Alanı 00852nam a22002657a 4500
999 ## - SİSTEM KONTROL NUMARALARI (KOHA)
Koha Biblionumber 15574
Koha Biblioitemnumber 15574
003 - KONTROL NUMARASI IDENTIFIER
Denetim Alanı MIRAKIL
005 - SON İŞLEM TARİHİ VE ZAMANI
Denetim Alanı 20240307123653.0
008 - SABİT-BOY VERİ ELEMANLARI - GENEL BİLGİLER
Sabit Uzunlukta Kontrol Alanı 240307b tu ||||| |||| 00| 0 tur d
020 ## - ULUSLARARASI STANDART KİTAP NUMARASI
Uluslararası Standart Kitap Numarası 9786250087756
040 ## - KATALOGLAMA KAYNAK
Orijinal Kataloglama Ajansı TR-AnCHP
Metne Dönüştürmek Ajansı TR-AnCHP
041 ## - DİL KODU
Metin / Ses Parça Veya Ayrı Başlığın Dil Kodu tur
082 ## - DEWEY ONLU SINIFLANDIRMA NUMARASI
Sınıflandırma Numarası 928
Ürün Numarası I74a 2023
090 ## - SINIFLAMA NUMARASI
Sınıflama Numarası 928 I74a 2023
100 ## - ANA GİRİŞ - KİŞİSEL İSİM
Kişisel Ad Işık, Yüksel
245 10 - BAŞLIK TABLOSU
Başlık Anadolu'nun hazineleri :
Başlığın Kalan Aşık Veysel /
Sorumluluk Tablosu, Vb Yüksel Işık ; editör : Nazlı Düzgün.
246 ## - UNVAN FORM VARYING
Başlık Doğru / Kısa Başlığı Aşık Veysel
250 ## - EDITION TABLOSU
Baskı Beyanı 1. bs.
260 ## - YAYIN, DAĞITIM, VB
Yayın, Dağıtım, Vb Yeri Ankara :
Yayıncı, Dağıtıcı, Vs Adı Ankara Büyükşehir Belediye Başkanlığı ,
Yayın, Dağıtım, Vb Tarihi 2023.
300 ## - FİZİKSEL TANIM
Kapsam 294 s.
Boyutlar 21 cm.
504 ## - KAYNAKÇA VB NOT
Kaynakça Vb Notu Kaynakça vardır.<br/>
600 #0 - KONU KATMA GİRİŞ - KURUMSAL ADI
9 (RLIN) 5537
Kişisel Ad Aşık Veysel
650 #0 - KONU KATMA GİRİŞ - TOPİKAL DÖNEM
9 (RLIN) 967
Topikal Süreli Veya Coğrafi Ad Giriş Elemanı yaşam öyküsü
Genel Alt Bölümü Aşık Veysel
856 ## - ELEKTRONİK YER VE ERİŞİM
Kamu Notu Dijital Nüshası için Partimizin Kütüphane Sorumlusu ile iletişime geçiniz.
942 ## - EKLENDİ GİRİŞ ELEMANLARI (KOHA)
Sınıflandırma Veya Raf Düzeni Kaynak Dewey Decimal Classification
Koha Öğesi Türü Books
Holdings
Kalıcı Konum Mevcut Konum Edinme Tarihi Toplam Check-Out'Lar Tam Çağrı Numarası Barkod Tarih Son Görülme İtibaren Geçerli Fiyatlar Koha Öğesi Türü
CHP Kütüphanesi CHP Kütüphanesi 03/07/2024   928 I74a 2023 21459 03/07/2024 03/07/2024 Books